000
00316nam a2200145Ia 4500
008
240112s2016 xx 000 0 und d
022
_a
195863
041
_a
eng
082
_a
612
100
_a
MAROLI S.
245
_a
INDIAN MEDICAL GAZETTE
260
_b
IMG
_c
2016
300
_a
242-448
_c
7-12
440
_v
CL
999
_c
1145014
_d
1145014